00642 a2200169 4500020002800000020002400028040000800052082001300060100002100073245006300094260003400157300003400191650002800225650003600253856009200289856009100381 a0387227849 (alk. paper) a0387227857 (e-Book) aDLC00a621.3827 aHranilovic Steve10aWireless optical communication systems cSteve Hranilovic. aNew York :bSpringer,cc2005. axii, 196 p. :bill. ;c24 cm. 0aOptical communications. 0aWireless communication systems.413Table of contents onlyuhttp://www.loc.gov/catdir/enhancements/fy0819/2004051193-t.html413Publisher descriptionuhttp://www.loc.gov/catdir/enhancements/fy0819/2004051193-d.html